000 00503nam a2200205Ia 4500
003 GCL
008 140319s9999 xx 000 0 eng d
040 _aGCL /
_cGCL
082 0 4 _a698
_bT P
100 1 _aTWEEDS
245 1 0 _aPAINTING DECORATING AND GLAZING /
_cTWEEDS
260 _a[S.N] :
_bE & FN SPON ،
_c1993
300 _a281 P
490 _aSPON'S CONTRACTORS HAND BOOK
_v0
650 0 4 _aMANAGEMENT
650 0 4 _aBUSINESS
650 0 4 _aCOSTS
650 0 4 _aCONTRACTORS
942 _2ddc
_cBK
999 _c21444
_d21444